[Event "Oberliga Ost-A 2122"]
[Site "Germany"]
[Date "2022.07.10"]
[Round "7.8"]
[White "Willberg, Frank"]
[Black "Hentzgen, Thomas"]
[Result "1/2-1/2"]
[WhiteElo "1893"]
[BlackElo "2022"]
[PlyCount "97"]
[EventDate "2021.10.10"]
[EventType "team-tourn"]
[EventRounds "11"]
[EventCountry "GER"]
[SourceTitle "EXT 2023"]
[Source "ChessBase"]
[SourceDate "2022.10.05"]
[SourceVersion "1"]
[SourceVersionDate "2022.10.05"]
[SourceQuality "1"]
[WhiteTeam "Magdeburg Aufbau Elbe II"]
[BlackTeam "Halle USV"]
[WhiteTeamCountry "GER"]
[BlackTeamCountry "GER"]

1. Nf3 d5 2. g3 Nd7 3. c4 dxc4 4. Na3 e5 5. Nxc4 e4 6. Nh4 Nb6 7. Nxb6 axb6 8. Qc2 f5 9. b3 Be7 10. Ng2 Be6 11. Bb2 Bf6 12. Nf4 Bf7 13. h4 Bxb2 14. Qxb2 Qf6 15. Rb1 g6 16. Bg2 Qxb2 17. Rxb2 Ne7 18. 0-0 0-0 19. Rc1 c6 20. d3 exd3 21. Nxd3 Ra5 22. Nf4 Rd8 23. Kf1 Kg7 24. Ke1 h6 25. Rd1 Rxd1+ 26. Kxd1 g5 27. hxg5 hxg5 28. Nd3 Kf6 29. e4 fxe4 30. Bxe4 Nf5 31. Ke2 Bh5+ 32. Kd2 Nd4 33. Ke3 Nb5 34. Rc2 Nd6 35. f3 Bf7 36. Rh2 Nf5+ 37. Bxf5 Kxf5 38. g4+ Kf6 39. f4 gxf4+ 40. Kxf4 Bg6 41. Nf2 Bb1 42. Ne4+ Kg7 43. Rb2 Bxe4 44. Kxe4 Kf6 45. Rd2 Kg6 46. Kf4 Kf6 47. Rd7 Rxa2 48. Rxb7 b5 49. Rd7 1/2-1/2

[Event "Oberliga Ost-A 2122"]
[Site "Germany"]
[Date "2022.07.09"]
[Round "6.6"]
[White "Buerckner, Georg"]
[Black "Willberg, Frank"]
[Result "1/2-1/2"]
[WhiteElo "2039"]
[BlackElo "1893"]
[PlyCount "107"]
[EventDate "2021.10.10"]
[EventType "team-tourn"]
[EventRounds "11"]
[EventCountry "GER"]
[SourceTitle "EXT 2023"]
[Source "ChessBase"]
[SourceDate "2022.10.05"]
[SourceVersion "1"]
[SourceVersionDate "2022.10.05"]
[SourceQuality "1"]
[WhiteTeam "Sangerhausen"]
[BlackTeam "Magdeburg Aufbau Elbe II"]
[WhiteTeamCountry "GER"]
[BlackTeamCountry "GER"]

1. e4 d5 2. exd5 Qxd5 3. d4 Nf6 4. Nf3 Bg4 5. Be2 e6 6. c4 Qd8 7. Qb3 Nc6 8. Be3 Bb4+ 9. Nc3 0-0 10. 0-0 Qe7 11. a3 Bxc3 12. Qxc3 Ne4 13. Qc2 Bf5 14. Bd3 Nd6 15. Rad1 Qf6 16. Rfe1 Rfe8 17. Qc1 Bxd3 18. Rxd3 h6 19. Red1 Nf5 20. Bf4 Rac8 21. h3 Nh4 22. Nxh4 Qxh4 23. Qe3 Ne7 24. Qf3 c6 25. Bg3 Qg5 26. Qe4 Qf5 27. Qe2 Ng6 28. Re3 Red8 29. Rf3 Qg5 30. Qe4 Rd7 31. h4 Qh5 32. Rfd3 Rcd8 33. f3 Ne7 34. Bf2 Qf5 35. Kf1 Qxe4 36. fxe4 b6 37. Ke2 h5 38. b4 f6 39. a4 Kf7 40. Ra3 Nc8 41. Rc3 Nd6 42. Kf3 Nb7 43. Rb1 g5 44. hxg5 fxg5 45. b5 Rc8 46. Rbc1 c5 47. d5 Re8 48. Re1 Kg6 49. Bg3 e5 50. Ke3 Rf7 51. Rc2 Nd6 52. Ra1 h4 53. Bh2 g4 54. Kd3 1/2-1/2

[Event "Oberliga Ost-A 2122"]
[Site "Germany"]
[Date "2022.06.19"]
[Round "5.6"]
[White "Rausch, Stephan"]
[Black "Willberg, Frank"]
[Result "1-0"]
[WhiteElo "2285"]
[BlackElo "1893"]
[PlyCount "57"]
[EventDate "2021.10.10"]
[EventType "team-tourn"]
[EventRounds "11"]
[EventCountry "GER"]
[SourceTitle "EXT 2023"]
[Source "ChessBase"]
[SourceDate "2022.10.05"]
[SourceVersion "1"]
[SourceVersionDate "2022.10.05"]
[SourceQuality "1"]
[WhiteTeam "Leipzig SG"]
[BlackTeam "Magdeburg Aufbau Elbe II"]
[WhiteTeamCountry "GER"]
[BlackTeamCountry "GER"]

1. d4 Nf6 2. Nf3 g6 3. c4 Bg7 4. Nc3 d5 5. e3 0-0 6. Qb3 c6 7. a4 a5 8. Bd2 Na6 9. cxd5 cxd5 10. Be2 Nb4 11. 0-0 Ne4 12. Nxe4 dxe4 13. Ng5 e5 14. Nxf7 Rxf7 15. Bc4 Qe7 16. f3 Ra6 17. fxe4 Raf6 18. Rxf6 Bxf6 19. dxe5 Bxe5 20. Rf1 Bf6 21. Bxf7+ Qxf7 22. Qxf7+ Kxf7 23. e5 Nd3 24. Rxf6+ Ke7 25. Bxa5 Nxe5 26. Rf4 Bd7 27. Re4 Kd6 28. Bc7+ Kxc7 29. Rxe5 1-0

[Event "Oberliga Ost-A 2122"]
[Site "Germany"]
[Date "2022.04.30"]
[Round "2.8"]
[White "Willberg, Frank"]
[Black "Hutsch, Oliver"]
[Result "0-1"]
[WhiteElo "1893"]
[BlackElo "2142"]
[PlyCount "98"]
[EventDate "2021.10.10"]
[EventType "team-tourn"]
[EventRounds "11"]
[EventCountry "GER"]
[SourceTitle "EXT 2023"]
[Source "ChessBase"]
[SourceDate "2022.10.05"]
[SourceVersion "1"]
[SourceVersionDate "2022.10.05"]
[SourceQuality "1"]
[WhiteTeam "Magdeburg Aufbau Elbe II"]
[BlackTeam "Dresden Gruen Weiss"]
[WhiteTeamCountry "GER"]
[BlackTeamCountry "GER"]

1. Nf3 Nf6 2. g3 d5 3. c4 c6 4. b3 Bf5 5. Bg2 e6 6. 0-0 Nbd7 7. Bb2 Qb6 8. Nc3 dxc4 9. Na4 Qa6 10. bxc4 Be7 11. d3 Rd8 12. Qb3 0-0 13. Bd4 b5 14. cxb5 cxb5 15. Nc3 b4 16. Na4 Qa5 17. Rfc1 e5 18. Bb2 Be6 19. Qd1 h6 20. Nd2 Rc8 21. a3 Rxc1 22. Bxc1 b3 23. Nb2 Qc3 24. Nb1 Qc7 25. Nd2 Rb8 26. Nbc4 Nc5 27. Bb2 e4 28. d4 Na4 29. Rc1 Nxb2 30. Nxb2 Qd8 31. Nxe4 Bxa3 32. Qd2 Bb4 33. Qd1 Ba3 34. Qd2 Nxe4 35. Bxe4 Rc8 36. e3 Rxc1+ 37. Qxc1 f5 38. Bd3 a5 39. Bc4 Qc8 40. d5 Bxb2 41. Qxb2 Qxc4 42. dxe6 Qxe6 43. Qd4 Kh7 44. f3 a4 45. g4 a3 46. Qc3 b2 47. Qc2 Qxe3+ 48. Kg2 Qe5 49. gxf5 b1Q 0-1

[Event "Oberliga Ost-A 1920"]
[Site "Germany"]
[Date "2019.09.29"]
[Round "1.8"]
[White "Kuna, Ralf Michael"]
[Black "Willberg, Frank"]
[Result "1-0"]
[WhiteElo "2119"]
[BlackElo "1870"]
[PlyCount "67"]
[EventDate "2019.09.29"]
[EventType "team-tourn"]
[EventRounds "11"]
[EventCountry "GER"]
[SourceTitle "EXT 2021"]
[Source "ChessBase"]
[SourceDate "2020.10.23"]
[SourceVersion "1"]
[SourceVersionDate "2020.10.23"]
[SourceQuality "1"]
[WhiteTeam "Magdeburg Rochade"]
[BlackTeam "Magdeburg Aufbau Elbe II"]
[WhiteTeamCountry "GER"]
[BlackTeamCountry "GER"]

1. e4 d5 2. exd5 Qxd5 3. Nf3 Bg4 4. Be2 Nf6 5. 0-0 c6 6. d4 e6 7. h3 Bxf3 8. Bxf3 Qd8 9. c4 Be7 10. Nc3 0-0 11. d5 exd5 12. cxd5 Qc7 13. Qb3 Nxd5 14. Nxd5 cxd5 15. Bxd5 Nc6 16. Be3 Na5 17. Qa4 Rad8 18. Rac1 Qd7 19. Bxf7+ Rxf7 20. Qxa5 b6 21. Qa6 Bf6 22. b3 Qd3 23. Qxd3 Rxd3 24. Rc8+ Bd8 25. Rfc1 Rf8 26. Ra8 Rd7 27. Kf1 Be7 28. Rcc8 Kf7 29. Ke2 Rxc8 30. Rxc8 Ke6 31. Bf4 Bd6 32. Rc6 Kd5 33. Rxd6+ Rxd6 34. Bxd6 1-0

[Event "Sachsen-Anhalt Verbandsliga 18/19"]
[Site "Sachsen Anhalt"]
[Date "2019.04.06"]
[Round "8.8"]
[White "Kern, Rene"]
[Black "Willberg, Frank"]
[Result "1-0"]
[WhiteElo "1780"]
[BlackElo "1870"]
[PlyCount "115"]
[EventDate "2018.10.21"]
[EventType "team-tourn"]
[EventRounds "9"]
[EventCountry "GER"]
[SourceTitle "EXT 2022"]
[Source "ChessBase"]
[SourceDate "2021.10.06"]
[SourceVersion "1"]
[SourceVersionDate "2021.10.06"]
[SourceQuality "1"]
[WhiteTeam "Reideburg 90 Halle"]
[BlackTeam "Magdeburg Aufbau Elbe II"]
[WhiteTeamCountry "GER"]
[BlackTeamCountry "GER"]

1. e4 d5 2. Nf3 dxe4 3. Ng5 Nf6 4. Bc4 e6 5. Nc3 Bd7 6. Ncxe4 h6 7. Nxf6+ Qxf6 8. Ne4 Qh4 9. Qe2 Bc6 10. Bb5 Be7 11. h3 Bxb5 12. Qxb5+ Nc6 13. d3 Bd6 14. Nxd6+ cxd6 15. Qxb7 Qb4+ 16. Qxb4 Nxb4 17. Kd2 Rc8 18. c3 Nd5 19. Kc2 Nb4+ 20. Kd2 Nd5 21. g3 Kd7 22. c4 Ne7 23. b4 Rb8 24. Kc3 Rhc8 25. Kb3 Nc6 26. b5 d5 27. Bd2 Nd4+ 28. Kb4 Nc2+ 29. Kb3 Nxa1+ 30. Rxa1 a6 31. a4 axb5 32. axb5 Ra8 33. Ba5 Rcb8 34. Kb4 Rb7 35. c5 Rc8 36. Bb6 Ke7 37. Ra7 Rxa7 38. Bxa7 Kd7 39. Ka5 Kc7 40. Ka6 Re8 41. b6+ Kc6 42. b7 Kc7 43. b8Q+ Rxb8 44. Bxb8+ Kxb8 45. Kb6 Kc8 46. Kc6 d4 47. f4 h5 48. Kd6 Kd8 49. Ke5 Kd7 50. Kxd4 Kc6 51. Kc4 f6 52. h4 g6 53. d4 Kc7 54. Kb5 Kd7 55. c6+ Kc7 56. Kc5 f5 57. d5 exd5 58. Kxd5 1-0

[Event "Sachsen-Anhalt Verbandsliga 18/19"]
[Site "Sachsen Anhalt"]
[Date "2019.02.03"]
[Round "5.8"]
[White "Willberg, Frank"]
[Black "Fischer, Joerg"]
[Result "1/2-1/2"]
[WhiteElo "1870"]
[BlackElo "1767"]
[PlyCount "97"]
[EventDate "2018.10.21"]
[EventType "team-tourn"]
[EventRounds "9"]
[EventCountry "GER"]
[SourceTitle "EXT 2022"]
[Source "ChessBase"]
[SourceDate "2021.10.06"]
[SourceVersion "1"]
[SourceVersionDate "2021.10.06"]
[SourceQuality "1"]
[WhiteTeam "Magdeburg Aufbau Elbe II"]
[BlackTeam "Coethen Germania"]
[WhiteTeamCountry "GER"]
[BlackTeamCountry "GER"]

1. Nf3 e6 2. c4 f5 3. g3 Nf6 4. Bg2 d5 5. 0-0 c6 6. b3 Be7 7. Bb2 0-0 8. Qc2 Na6 9. a3 Nc7 10. d4 Bd7 11. Ne5 Be8 12. Nd2 Bh5 13. Ndf3 Ng4 14. Nd3 Nf6 15. Nf4 Bxf3 16. Bxf3 g5 17. Nd3 Rc8 18. Bg2 Qe8 19. Ne5 Nd7 20. Nxd7 Qxd7 21. Rac1 Bf6 22. e3 Rcd8 23. b4 dxc4 24. Qxc4 Nd5 25. a4 Qf7 26. b5 cxb5 27. Qxb5 Rc8 28. Ba3 Rfd8 29. Bxd5 exd5 30. a5 Rxc1 31. Rxc1 f4 32. Qd3 fxe3 33. fxe3 Qd7 34. Bc5 a6 35. Rf1 Qe6 36. Rb1 Rd7 37. Rb6 Qf7 38. Qf5 Bd8 39. Qe5 Bxb6 40. Qxg5+ Qg6 41. Qxg6+ hxg6 42. Bxb6 Rf7 43. Kg2 Kf8 44. h4 Ke7 45. g4 Kd7 46. Kg3 Ke6 47. Bd8 Rf8 48. Bb6 Rf1 49. Bd8 1/2-1/2

[Event "Leipzig VfB op 22nd"]
[Site "Leipzig"]
[Date "2015.03.08"]
[Round "9"]
[White "Willberg, Frank"]
[Black "Vorreiter, Heiko"]
[Result "1-0"]
[WhiteElo "2019"]
[BlackElo "1685"]
[PlyCount "63"]
[EventDate "2015.03.03"]
[EventType "swiss"]
[EventRounds "9"]
[EventCountry "GER"]
[SourceTitle "EXT 2016"]
[Source "ChessBase"]
[SourceDate "2015.10.08"]
[SourceVersion "1"]
[SourceVersionDate "2015.10.08"]
[SourceQuality "1"]

1. Nf3 g6 2. c4 c5 3. g3 Bg7 4. Bg2 Nf6 5. Nc3 0-0 6. 0-0 d5 7. cxd5 Nxd5 8. Qb3 Nxc3 9. bxc3 Qc7 10. d4 c4 11. Qb4 a5 12. Qb2 Bd7 13. Bf4 Qc8 14. Ne5 Nc6 15. Nxc4 Ra6 16. Nb6 Qd8 17. Nxd7 Qxd7 18. Rab1 b6 19. Qb5 Nb8 20. Qxd7 Nxd7 21. Bc6 e5 22. dxe5 Nxe5 23. Bb7 Rfa8 24. Bxa8 Rxa8 25. Rxb6 Nd7 26. Rb7 Nf8 27. Rb8 Ra6 28. Rd1 f5 29. Rdd8 Rf6 30. Bd6 Rxd6 31. Rxd6 Be5 32. Rdd8 1-0

[Event "Leipzig VfB op 22nd"]
[Site "Leipzig"]
[Date "2015.03.05"]
[Round "4"]
[White "Willberg, Frank"]
[Black "Kabitzke, Julian"]
[Result "1/2-1/2"]
[WhiteElo "2019"]
[BlackElo "1867"]
[PlyCount "80"]
[EventDate "2015.03.03"]
[EventType "swiss"]
[EventRounds "9"]
[EventCountry "GER"]
[SourceTitle "EXT 2016"]
[Source "ChessBase"]
[SourceDate "2015.10.08"]
[SourceVersion "1"]
[SourceVersionDate "2015.10.08"]
[SourceQuality "1"]

1. Nf3 c5 2. c4 Nf6 3. g3 g6 4. Bg2 Bg7 5. 0-0 0-0 6. Nc3 d6 7. Rb1 Nc6 8. a3 Bf5 9. d3 Rb8 10. b4 cxb4 11. axb4 a6 12. b5 axb5 13. Nxb5 Re8 14. Ba3 Nd7 15. Bb2 Nde5 16. Nfd4 Bd7 17. Qb3 Nxd4 18. Bxd4 Bc6 19. Qb2 Bf6 20. Nc3 Nxc4 21. Qb4 Bxd4 22. Qxc4 Bxg2 23. Kxg2 Bg7 24. Nd5 Qd7 25. Rfc1 b5 26. Qc7 Qxc7 27. Rxc7 e6 28. Ne7+ Kf8 29. Nc6 Rb6 30. d4 Bf6 31. Ra1 Kg7 32. Raa7 Rf8 33. e3 d5 34. Rab7 Rxb7 35. Rxb7 Rc8 36. Na7 Rc2 37. Nxb5 Rb2 38. Nd6 Rxb7 39. Nxb7 Be7 40. Na5 h5 1/2-1/2

[Event "Leipzig VfB op 19th"]
[Site "Leipzig"]
[Date "2012.03.08"]
[Round "4"]
[White "Herfurth, Thomas"]
[Black "Willberg, Frank"]
[Result "1/2-1/2"]
[WhiteElo "1884"]
[BlackElo "2030"]
[PlyCount "79"]
[EventDate "2012.03.06"]
[EventType "swiss"]
[EventRounds "9"]
[EventCountry "GER"]
[SourceTitle "CBM 147 Extra"]
[Source "ChessBase"]
[SourceDate "2012.04.24"]
[SourceVersion "1"]
[SourceVersionDate "2012.04.24"]
[SourceQuality "1"]

1. Nc3 d5 2. e4 Nf6 3. e5 Ne4 4. Qf3 Nxc3 5. Qxc3 d4 6. Qb3 e6 7. Qa4+ Qd7 8. Qxd7+ Bxd7 9. c3 Nc6 10. Nf3 0-0-0 11. cxd4 Be8 12. b3 Nxd4 13. Nxd4 Rxd4 14. Bb2 Rd8 15. 0-0-0 Bc5 16. d4 Bb6 17. Bc4 Bc6 18. f3 Rd7 19. Rd3 Rhd8 20. Rhd1 a6 21. b4 Bd5 22. Bxd5 Rxd5 23. Kc2 Kd7 24. Kd2 Ke7 25. Ke2 f6 26. f4 Kf7 27. R1d2 c6 28. Rd1 Kg6 29. Rg3+ Kf7 30. Rgd3 R8d7 31. Bc3 g5 32. fxg5 fxe5 33. dxe5 Rxd3 34. Rxd3 Rxd3 35. Kxd3 Kg6 36. a4 Kxg5 37. Ke4 Kg4 38. Be1 c5 39. Bf2 Bc7 40. bxc5 1/2-1/2

[Event "Leipzig VfB op 19th"]
[Site "Leipzig"]
[Date "2012.03.06"]
[Round "1"]
[White "Willberg, Frank"]
[Black "Eichhorn, Mike"]
[Result "1-0"]
[WhiteElo "2030"]
[BlackElo "1621"]
[PlyCount "65"]
[EventDate "2012.03.06"]
[EventType "swiss"]
[EventRounds "9"]
[EventCountry "GER"]
[SourceTitle "CBM 147 Extra"]
[Source "ChessBase"]
[SourceDate "2012.04.24"]
[SourceVersion "1"]
[SourceVersionDate "2012.04.24"]
[SourceQuality "1"]

1. Nf3 Nc6 2. c4 e6 3. g3 Nf6 4. Bg2 g6 5. b3 Bg7 6. Bb2 0-0 7. 0-0 d6 8. d4 Re8 9. Qd2 Bd7 10. Rd1 Qe7 11. Nc3 d5 12. Nb5 Qd8 13. Rac1 Ne7 14. a4 Bc6 15. c5 a6 16. Nc3 Rb8 17. Qd3 Nf5 18. b4 Bd7 19. b5 axb5 20. axb5 c6 21. Ne5 Qe7 22. Ra1 Rec8 23. Ra7 Ne8 24. Nxd7 Qxd7 25. Na4 Qd8 26. Nb6 Rc7 27. Rda1 Nf6 28. Ra8 Nd7 29. Rxb8 Nxb8 30. Ra8 Qf8 31. g4 Nh4 32. Qg3 Qd8 33. Qd6 1-0

[Event "Oberliga Ost-A 0708"]
[Site "Germany"]
[Date "2007.11.03"]
[Round "2.8"]
[White "Willberg, Frank"]
[Black "Azimov, Stanislav"]
[Result "1/2-1/2"]
[WhiteElo "2025"]
[BlackElo "2178"]
[PlyCount "104"]
[EventDate "2007.09.23"]
[EventType "team-tourn"]
[EventRounds "11"]
[EventCountry "GER"]
[SourceTitle "EXT 2009"]
[Source "ChessBase"]
[SourceDate "2008.11.26"]
[SourceVersion "1"]
[SourceVersionDate "2008.11.26"]
[SourceQuality "1"]
[WhiteTeam "Magdeburg Aufbau Elbe"]
[BlackTeam "Chemnitz"]
[WhiteTeamCountry "GER"]
[BlackTeamCountry "GER"]

1. Nf3 d5 2. g3 g6 3. c4 Nf6 4. Bg2 Bg7 5. 0-0 d4 6. d3 0-0 7. b4 Re8 8. Bb2 e5 9. Qc2 Nbd7 10. Nbd2 c5 11. bxc5 Nxc5 12. Nb3 Na4 13. Ba3 Bd7 14. Nfd2 Qc7 15. Rac1 Rac8 16. Ne4 Nxe4 17. Bxe4 Bh6 18. Rce1 b5 19. e3 Bh3 20. Bg2 Bxg2 21. Kxg2 Qc6+ 22. Kg1 bxc4 23. Na5 Qb5 24. Nxc4 Nb6 25. exd4 Nxc4 26. dxc4 Rxc4 27. Qb2 Qxb2 28. Bxb2 Rb8 29. Ba1 exd4 30. Re7 Ra4 31. Rfe1 Bg5 32. Rd7 Bf6 33. Rd1 Rbb4 34. Re1 Rc4 35. Rb1 Rab4 36. Re1 Ra4 37. Rd1 a5 38. Kg2 Kg7 39. Kf3 h5 40. Rd2 g5 41. h3 Ra3+ 42. Kg2 Raa4 43. Rd5 Kg6 44. Kf3 g4+ 45. Kg2 Bg7 46. Rd6+ Kf5 47. Rd5+ Be5 48. Rd7 f6 49. Rh7 gxh3+ 50. Kxh3 Rc1 51. Bb2 Rb1 52. a3 Kg6 1/2-1/2

[Event "Leipzig VfB op 13th"]
[Site "Leipzig"]
[Date "2006.03.18"]
[Round "8"]
[White "Seidel, Thomas1111"]
[Black "Willberg, Frank"]
[Result "1/2-1/2"]
[WhiteElo "1936"]
[BlackElo "2067"]
[PlyCount "61"]
[EventDate "2006.03.14"]
[EventType "swiss"]
[EventRounds "9"]
[EventCountry "GER"]
[SourceTitle "EXT 2008"]
[Source "ChessBase"]
[SourceDate "2007.11.25"]
[SourceVersion "1"]
[SourceVersionDate "2007.11.25"]
[SourceQuality "1"]

1. c4 Nf6 2. Nc3 d5 3. d4 g6 4. cxd5 Nxd5 5. e4 Nxc3 6. bxc3 Bg7 7. Bd3 c5 8. Ne2 cxd4 9. cxd4 Nc6 10. e5 0-0 11. Be3 Qa5+ 12. Qd2 Rd8 13. Rd1 Be6 14. f4 Qxa2 15. Be4 Qxd2+ 16. Rxd2 Bd5 17. Nc3 Bxe4 18. Nxe4 Nb4 19. Ke2 Nd5 20. Rb1 b6 21. g3 Rdc8 22. Kd3 f5 23. exf6 exf6 24. Rb3 Rc6 25. Nc3 Nxc3 26. Rxc3 Rac8 27. Rxc6 Rxc6 28. d5 Rd6 29. Kc4 Kf7 30. Rd3 f5 31. Bd2 1/2-1/2

[Event "Leipzig VfB op 13th"]
[Site "Leipzig"]
[Date "2006.03.17"]
[Round "6"]
[White "Gasch, Franziska"]
[Black "Willberg, Frank"]
[Result "0-1"]
[WhiteElo "1860"]
[BlackElo "2067"]
[PlyCount "112"]
[EventDate "2006.03.14"]
[EventType "swiss"]
[EventRounds "9"]
[EventCountry "GER"]
[SourceTitle "EXT 2008"]
[Source "ChessBase"]
[SourceDate "2007.11.25"]
[SourceVersion "1"]
[SourceVersionDate "2007.11.25"]
[SourceQuality "1"]

1. e4 Nf6 2. e5 Nd5 3. d4 d6 4. Nf3 g6 5. Bc4 c6 6. Bd2 Bg7 7. Qc1 0-0 8. Bh6 Bg4 9. h4 Bxf3 10. gxf3 dxe5 11. h5 Nf4 12. Bxf4 exf4 13. hxg6 hxg6 14. c3 e5 15. Qc2 Qd6 16. Nd2 exd4 17. Ne4 Qe5 18. 0-0-0 Bf6 19. Nd6 Kg7 20. Nf5+ Qxf5 21. Qxf5 gxf5 22. Rdg1+ Bg5 23. Rxg5+ Kf6 24. Rhh5 dxc3 25. Rxf5+ Ke7 26. bxc3 Nd7 27. Rh7 Nf6 28. Rh6 Ne8 29. Rxf4 Nd6 30. Bb3 Rad8 31. Rh5 Rd7 32. Rg4 Kd8 33. Rd4 Kc7 34. Rh7 f5 35. Rxd7+ Kxd7 36. c4 c5 37. Rd2 b6 38. Re2 Rf6 39. Ba4+ Kd8 40. Rd2 Ke7 41. Re2+ Re6 42. Rc2 f4 43. Rd2 Kf6 44. Bb3 Nf5 45. Bc2 Re1+ 46. Rd1 Rxd1+ 47. Bxd1 Ke5 48. Kb2 Kd4 49. Kb3 Nd6 50. Be2 Nb7 51. Ka4 a6 52. a3 Kc3 53. Bf1 Nd6 54. Be2 Kd2 55. Bf1 Ke1 56. Bd3 Kxf2 0-1

[Event "Leipzig VfB op 11th"]
[Site "Leipzig"]
[Date "2004.03.19"]
[Round "6"]
[White "Willberg, Frank"]
[Black "Kleye, Emanuel"]
[Result "0-1"]
[WhiteElo "2025"]
[BlackElo "1652"]
[PlyCount "88"]
[EventDate "2004.03.16"]
[EventType "swiss"]
[EventRounds "9"]
[EventCountry "GER"]
[SourceTitle "EXT 2007"]
[Source "ChessBase"]
[SourceDate "2006.11.23"]
[SourceVersion "1"]
[SourceVersionDate "2006.11.23"]
[SourceQuality "1"]

1. Nf3 d5 2. g3 c6 3. b3 Bg4 4. Bg2 Nf6 5. 0-0 e6 6. Bb2 Nbd7 7. d3 Bd6 8. e4 0-0 9. h3 Bxf3 10. Bxf3 dxe4 11. dxe4 Qe7 12. Qe2 e5 13. a3 a5 14. Nd2 b5 15. c4 b4 16. axb4 axb4 17. Bg2 Nc5 18. Rfd1 Rfd8 19. Qe3 Bc7 20. Rxa8 Rxa8 21. Kh1 Ra2 22. Rb1 Qd6 23. Bf1 Ne6 24. Kg2 c5 25. Nf3 Nd4 26. Nxd4 exd4 27. Qe2 Qe6 28. f3 Nh5 29. f4 Qg6 30. Qf3 Nxf4+ 31. Kh1 Ne6 32. g4 Bf4 33. Ra1 Rxa1 34. Bxa1 Qh6 35. Bb2 Qh4 36. Kg2 Be5 37. Bc1 Qe1 38. Bb2 Ng5 39. Qe2 Qg3+ 40. Kh1 d3 41. Qd2 Nxe4 42. Qg2 Qxg2+ 43. Bxg2 d2 44. Bf3 Bxb2 0-1

[Event "Leipzig VfB op 11th"]
[Site "Leipzig"]
[Date "2004.03.18"]
[Round "4"]
[White "Willberg, Frank"]
[Black "Ksieski, Zbigniew"]
[Result "0-1"]
[WhiteElo "2025"]
[BlackElo "2390"]
[PlyCount "72"]
[EventDate "2004.03.16"]
[EventType "swiss"]
[EventRounds "9"]
[EventCountry "GER"]
[SourceTitle "EXT 2007"]
[Source "ChessBase"]
[SourceDate "2006.11.23"]
[SourceVersion "1"]
[SourceVersionDate "2006.11.23"]
[SourceQuality "1"]

1. Nf3 c5 2. c4 Nc6 3. g3 e5 4. Nc3 a6 5. Bg2 g6 6. 0-0 Bg7 7. d3 Nge7 8. Rb1 0-0 9. a3 Rb8 10. b4 cxb4 11. axb4 b5 12. cxb5 axb5 13. Ne4 d5 14. Nc5 h6 15. e3 Kh7 16. Bd2 f5 17. Bc3 e4 18. Nd4 Nxd4 19. Bxd4 Bxd4 20. exd4 Nc6 21. dxe4 fxe4 22. Qd2 Bf5 23. Ra1 Ra8 24. Rxa8 Qxa8 25. Qb2 Rf7 26. Ra1 Qh8 27. Rd1 Bg4 28. Rd2 Qf6 29. Qc3 Ra7 30. Bf1 Qf3 31. Qxf3 Bxf3 32. Nb3 Nxb4 33. Bxb5 Rb7 34. Bf1 Nd3 35. Nc5 Rb1 36. Nxd3 exd3 0-1